000 06669nam1a22012011 4500
001 RU\NLR\A1\2289
005 20260403143528.0
035 _a(NLR Aleph) 009672309
090 _a9667311
_c9667311
100 _a19960808d1767 k y0rusy50 ca
101 0 _arus
102 _aRU
135 _acoco 024aaaaa
140 _ay y lbyaa0000
200 1 _aБиблиотека российская историческая,
_eСодержащая древния летописи и всякия записки, способствующия к объяснению истории и географии российской древних и средних времен.
210 _aВ Санктпетербурге
_cпри Императорской Академии наук
_d1767
215 _d
305 _aС.3-4 "Летописи" перепеч. и вклеивались взамен первонач., содержавших ряд опеч. В некоторых экз. с.3-4 сохранились в первонач. виде. Первонач. (1-й) вар.: заставка наборного орнамента, предпоследнее слово загл. - "перьвое". Испр. (2-й) вар.: заставка грав. на дереве, предпоследнее слово загл. - "первое" (вар.2).
310 _aПечатание тиражом 3630 экз. было начато в янв. 1761 г. и продолжалось до апр. 1762 г., но было приостановлено. Лишь через 3 года печатание возобновилось, тираж был увеличен и в 1767 г. 3653 экз. поступили в Акад. кн. лавку.
314 _aПервое изд. Радзивиловского или Кенигсбергского списка "Повести временных лет", осуществленное И.И.Таубертом и И.С.Барковым
316 _aЭкз. СОКМ деф.: отсутствуют тит. л. и послед. 3 с.
_5СОКМ
316 _aОдин из экз. СПбГУ деф.: нет с.1-301
_5СПбГУ
316 _aЭкз. СамОУНБ деф.: отсутствует тит. л., с.[1-4] и 49-50 (3-я паг.)
_5СамОУНБ
317 _aОба экз. НГОНБ из кол. Колывано-Воскрес. з-дов
_5НГОНБ
317 _aЭкз. РГАДА из б-ки Ф.Ф.Мазурина
_5РГАДА
317 _aОдин из экз. СамОУНБ из б-ки А.Г.Елшина
_5СамОУНБ
320 _aНа с.1-47 (паг. 4-я): "Реэстр достопамятным делам и собственным именам лиц...", сост. С.Башиловым
321 _aСК XVIII 569
321 _aСК XVIII. Т.3. С.484
321 _aСК XVIII. Доп. С.102
321 _aТюличев. Материалы о некоторых изданиях... С.177
327 0 _aНа с.1-33 предисловие А.Л.Шлецера с подписью "Издатель"
_aНа с.I-XII: "Житие преподобнаго Нестора, сочинителя сея летописи"
463 0 _1001RU\NLR\A1\2290
_913474093
_p[4], 33, [1], XII, 301, [1], 50 с.
_t[Летопись Несторова с продолжателями по Кенигсбергскому списку, до 1206 года]
_uhttp://vivaldi.nlr.ru/bx000004286/view
620 _dСанкт-Петербург
702 1 _4650
_7ca
_8rus
_aТауберт
_bИ. И.
_f1717-1771
_gИван Иванович
_9158332
_3RU\NLR\AUTH\770158373
702 1 _4650
_7ca
_8rus
_aБарков
_bИ. С.
_f1732-1768
_gИван Семенович
_942679
_3RU\NLR\AUTH\7759748
702 1 _4650
_7ca
_8rus
_aШлецер
_bА. Л.
_f1735-1809
_gАвгуст Людвиг
_9115900
_3RU\NLR\AUTH\775943
702 1 _4070
_7ca
_8rus
_aБашилов
_bС. С.
_f1741-1770
_gСемен Сергеевич
_9170916
_3RU\NLR\AUTH\770170966
702 1 _aЕлшин
_bА.Г.
_5СамОУНБ
_4390
702 1 _4390
_7ca
_8rus
_aМазурин
_bФ. Ф.
_f1845-1898
_gФёдор Фёдорович
_92690367
_3RU\NLR\AUTH\770287865
712 0 2 _4610
_aАкадемическая типография
_cПетербург
_9303965
_3RU\NLR\AUTH\8815379
801 0 _aRU
_bNLR
_c19960808
852 _aNLR
_j114/1281
_yВар.1
852 _aNLR
852 _aNLR
_j140/30
_yВар.1
852 _aNLR
_j18.8.2.3
_yВар.2
852 _aNLR
_j18.8.2.3а
_yВар.2
852 _aNLR
_j140/59
_yВар.2
852 _aNLR
_bРЗФ
_j18 в. 7/193
_yВар.2
852 _aNLR
_bРЗФ
_j18 в. 7/193а
_yВар.1
852 _aNLR
_bРЗФ
_j18 в. 7/193 Б (ал.1)
_yВар.2
899 _aЗНБ ВГУ
_y3 экз.; 1 экз. вар.1 и 2 экз. вар.2
899 _aКостОУНБ
899 _aГТГ
_yВар.1
899 _aГБГИ
_yВар.1
899 _aНБ ТамбГУ
_yВар.1
899 _aИОГУНБ
899 _aВОУНБ
_yВар.1, 2
899 _aКирОУНБ
_yВар.1, 2
899 _aМУП
_yЧ.1
899 _aВМП
899 _aРГБ
_yВар. 1, 2
899 _aБАН
_yВар. 1, 2
899 _aМГУ
_yВар.1, 2
899 _aНБ Эрм.
_y2 экз. Вар.1, 2
899 _aООНБ
_yВар.2
899 _aГПИБ
_yВар.1, 2
899 _aНАРК
_yВар.1, 2
899 _aНБ КНЦ
_yВар.1
899 _aДГНБ
_yВар.1
899 _aЗНБ СГУ
_yВар.1, 2, 2 экз.
899 _aКУНБ
_yВар.2, ч.1
899 _aДГПБ
_yВар.1, 2
899 _aВСИАХМЗ
_yВар.2
899 _aНБ ЧГПУ
899 _aГМЗРК
899 _aУОНБ
_yВар.2, 3 экз.
899 _aЯИАМЗ
_y4 экз.; вар.2
899 _aРГГУ
899 _aПОУБ
_y2 экз.; вар.2
899 _aУАГС
_yВар.2
899 _aСОКМ
899 _aСОУНБ
_y2 экз.; один из экз. деф.
899 _aИГКМ
899 _aНБ УрГУ
_y2 экз.
899 _aСПбГУ
_y6 экз.; вар.2
899 _aНГОУНБ
_y6 экз. Вар.1
899 _aРязМЗ
899 _aГАРязО
899 _aУдГУ
_yВар.2
899 _aНГОНБ
_yВар.2. 2 экз.
899 _aУГПУ
899 _aНБЛ КГУ
_y7 экз.
899 _aНБ УдГУ
899 _aРГАДА
899 _aРГО
899 _aСамОУНБ
_y3 экз., вар.2
899 _aНБ РАХ
_y3 экз. Вар.1, 2
899 _aНБ ЧГУ
942 _cBOOK
980 _aNB
980 _aA1XVIIIv